Missing Word: Disney Princess Songs Quiz Stats

 Plays Quiz Updated Jun 26, 2018

Score 0/20 Timer 02:00
1 Play Today
Song Missing Word % Correct
A _____ New WorldWhole
91.3%
Someday My _____ Will ComePrince
91%
A Dream is a Wish Your _____ MakesHeart
90.9%
Whistle While You _____Work
89.7%
_____ Upon A DreamOnce
86.5%
Colors of the _____Wind
86.2%
When Will My _____ Begin?Life
84.6%
Just _____ the RiverbendAround
83.4%
_____ of Your WorldPart
78.6%
I _____ the LightSee
77.5%
Song Missing Word % Correct
Down in New _____Orleans
76.3%
So This Is _____Love
74%
I've Got a _____Dream
67.1%
A _____ Worth Fighting ForGirl
61.2%
Oh, Sing _____ NightingaleSweet
60.5%
Something _____There
50.3%
_____ to Us AllHonor
43.6%
_____ ThereAlmost
39.5%
_____ WishingI'm
37.6%
When We're _____Human
28.3%

Today's Daily Dose

Missing Word
Banned Books (A-Z)

Word Ladder
Janis Joplin

Get the Picture
Occupations

You're not logged in!

Compare scores with friends on all Sporcle quizzes.
OR
Log In

Sporcle TV

Today on Sporcle TV


Watch our educational content, quiz creation guides, and fun videos on Sporcle TV.

Show Comments

Extras

Top Quizzes Today


Score Distribution

Your Account Isn't Verified!

In order to create a playlist on Sporcle, you need to verify the email address you used during registration. Go to your Sporcle Settings to finish the process.

Report this User

Report this user for behavior that violates our Community Guidelines.

Details: